| 000 | 00536nam a2200181 a 4500 | ||
|---|---|---|---|
| 005 | 20210223120724.0 | ||
| 008 | 991125s1969 mx 000 0 spa u | ||
| 035 | _aUPN01000006130 | ||
| 049 | _aCG | ||
| 050 | 4 |
_aPQ8549 U8 _bU8.4 |
|
| 100 | 1 |
_aUslar Pietri, Arturo, _d1906-2001 _936853 |
|
| 245 | 1 | 3 |
_aEn busca del nuevo mundo / _cArturo Uslar-Pietri. |
| 260 |
_aMéxico : _bFCE, _c1969. |
||
| 300 | _a224 p. | ||
| 440 | 0 |
_aPopular ; _v93 |
|
| 600 | 1 | 4 |
_aUSLAR PIETRI, ARTURO, _d1906-2001 - _xCRITICA E INTERPRETACION _910318 |
| 905 | _aLibro | ||
| 999 |
_c6130 _d6130 |
||